Ready notes Vol.2, Chapter 14-26 for use with Introduction to accounting : An integrated approach

Saved in:
Bibliographic Details
Format: Book
Language:Undetermined
Published: Boston, MA. McGraw-Hill 2000
Subjects:
Tags: Add Tag
No Tags, Be the first to tag this record!
Institutions: Trung tâm Học liệu Trường Đại học Cần Thơ
LEADER 00535nam a2200181Ia 4500
001 CTU_109894
008 210402s9999 xx 000 0 und d
082 |a 657 
082 |b R283 
245 0 |a Ready notes Vol.2, Chapter 14-26 for use with Introduction to accounting : 
245 3 |b An integrated approach 
245 0 |c Penne Ainsworth ... [et al.] 
260 |a Boston, MA. 
260 |b McGraw-Hill 
260 |c 2000 
650 |a Accounting 
904 |i Minh, Q. Hieu 
980 |a Trung tâm Học liệu Trường Đại học Cần Thơ